Письма разных лиц Н.П. Шереметеву поздравительные и с просьбами об оказании денежной помощи, о протекции в определении и продвиж...

Доступно только в Электронных читальных залах Найти на картеНа карте
RUSMARC
00003912nmc2a22002533x 450
001632f00b5-64bc-4365-ba2c-f52cd0087082
00520230906023643.0
100##$a20230310l17061808k l0rusy0189 ca
1010#$arus
$afre
102##$aRU
105##$ay###
1222#$ad
2001#$aПисьма разных лиц Н.П. Шереметеву поздравительные и с просьбами об оказании денежной помощи, о протекции в определении и продвижении по службе, о представлении ко Двору
$j16 ноября 1706 г. - 26 декабря 1808 г.
215##$a197 л.
$d36,5х26 см
251##$cДело
300##$aГраф Николай Петрович Шереметев. Переписка. Письма разных лиц Н.П. Шереметеву
300##$aНа русском и французском языках
371##$aДокумент не является опубликованным и широко распространяемым
461#0$100198b93a77-94f0-46bb-a7e0-b5027cc72a67
$12001
$aШереметевы, графы
$1251
$cФонд
$1852
$j1088
462#0$1001d3ce280e-361b-49f4-86d2-e1a120f828b4
$12001
$aЛичные документы, переписка и документы, связанные со служебной и общественной деятельностью графов Бориса Петровича, Петра Борисовича, Николая Петровича и Дмитрия Шереметевых
$1251
$cОпись
$1852
$j1
801#0$aRU
$bРГИА
$c20230310
$gRCR
801#1$aRU
$bГлавНИВЦ
$c20230310
$2rusmarc
801#2$aRU
$bПБ им. Б.Н. Ельцина
$c20230906
$gRCR
$2rusmarc
850##$aРГИА
852##$aРГИА
$eФедеральное казенное учреждение "Российский государственный исторический архив" (РГИА)
$j312
937##$hРГИА
$d12391398
$aASBIBLIO_SCAN
035##$aRusGRCC00059747
856##$uhttp://readingroom.main.prlib.ru/item.aspx?id_node=n187382583&mode=full
Формат отображения